JFL Player by Picture #1 - Statistics

General Stats
  • This quiz has been taken 3 times
  • The average score is 27 of 40
Answer Stats
Picture Answer % Correct
Alan Galvin
100%
Cruz Gibbs
100%
Ernie Gecko
100%
Icey Danzler
100%
Ray Bolde
100%
Ricky Tune
100%
Soren Kelsey
100%
Tyber Jericho
100%
Wes Bowen
100%
Archie Regis
67%
Cam Crutter
67%
Curtis Sampson
67%
Demario Rashavan
67%
Derek Mayken
67%
Drek Lettler
67%
Dru Pinion
67%
Flay Boater
67%
Hank Lewison
67%
Ivan Dekolov
67%
Jeremy Rhison
67%
Kevin Gable
67%
Lamar Humphrey
67%
Mitch Shelvin
67%
Olive Russey
67%
Oscar Bowl
67%
Quinn Swalla
67%
Randall Coorlon
67%
Ross Blount
67%
Ruth Legein
67%
Tanner Beauplan
67%
Tyrese Coffin
67%
Xavier Alanburg
67%
Carnell Piers
33%
Eli Monk
33%
Julian Shrew
33%
Keanu Mallory
33%
Ray Graham
33%
Rick Smothers
33%
Ryan Craig
33%
Warren Bowman
33%
No matching quizzes found
Score Distribution
Percent of People with Each Score
Percentile by Number Answered
Your Score History
You have not taken this quiz